<?xml version='1.0' encoding='UTF-8'?>
  <record xmlns="http://www.loc.gov/MARC21/slim">
    <leader>00000cam a22000007i 4500</leader>
    <controlfield tag="001">ocm71453581</controlfield>
    <controlfield tag="003">OCoLC</controlfield>
    <controlfield tag="005">20250607091421.1</controlfield>
    <controlfield tag="008">890406s1648    ne            000 0 dut d</controlfield>
    <datafield tag="040" ind1=" " ind2=" ">
      <subfield code="a">NLGGC</subfield>
      <subfield code="b">dut</subfield>
      <subfield code="e">fobidrtb</subfield>
      <subfield code="c">NLGGC</subfield>
      <subfield code="d">L2U</subfield>
      <subfield code="d">OCLCO</subfield>
      <subfield code="d">OCLCQ</subfield>
      <subfield code="d">OCLCL</subfield>
      <subfield code="d">OCLCQ</subfield>
    </datafield>
    <datafield tag="029" ind1="0" ind2=" ">
      <subfield code="a">NLGGC</subfield>
      <subfield code="b">052281841</subfield>
    </datafield>
    <datafield tag="035" ind1=" " ind2=" ">
      <subfield code="a">(OCoLC)71453581</subfield>
    </datafield>
    <datafield tag="082" ind1="0" ind2="4">
      <subfield code="a">226.084</subfield>
      <subfield code="q">OCoLC</subfield>
    </datafield>
    <datafield tag="245" ind1="0" ind2="3">
      <subfield code="a">'t Schat der zielen, dat is: het geheele leven ons Heeren Iesu Christi: naer de vyer euangelisten ... /</subfield>
      <subfield code="c">Met seer schoone figuren verciert, gesneden door C. van Sichem ..</subfield>
    </datafield>
    <datafield tag="246" ind1="3" ind2=" ">
      <subfield code="a">Schat der zielen</subfield>
    </datafield>
    <datafield tag="246" ind1="3" ind2=" ">
      <subfield code="a">wercken der apostelen</subfield>
    </datafield>
    <datafield tag="246" ind1="3" ind2=" ">
      <subfield code="a">Bosch der eremyten ende eremitinnen, van Ægypten ende Palestinen</subfield>
    </datafield>
    <datafield tag="246" ind1="3" ind2=" ">
      <subfield code="a">Goddelycke wenschen</subfield>
    </datafield>
    <datafield tag="260" ind1=" " ind2=" ">
      <subfield code="a">t'Amsterdam. :</subfield>
      <subfield code="b">By Pieter I.P.,</subfield>
      <subfield code="c">1648.</subfield>
    </datafield>
    <datafield tag="300" ind1=" " ind2=" ">
      <subfield code="a">800, [4] p. :</subfield>
      <subfield code="b">ill. ;</subfield>
      <subfield code="c">in-4.</subfield>
    </datafield>
    <datafield tag="336" ind1=" " ind2=" ">
      <subfield code="a">tekst</subfield>
      <subfield code="b">txt</subfield>
      <subfield code="2">rdacontent/dut</subfield>
    </datafield>
    <datafield tag="337" ind1=" " ind2=" ">
      <subfield code="a">zonder medium</subfield>
      <subfield code="b">n</subfield>
      <subfield code="2">rdamedia/dut</subfield>
    </datafield>
    <datafield tag="338" ind1=" " ind2=" ">
      <subfield code="a">band</subfield>
      <subfield code="b">nc</subfield>
      <subfield code="2">rdacarrier/dut</subfield>
    </datafield>
    <datafield tag="500" ind1=" " ind2=" ">
      <subfield code="a">A-3H 8 (-3H8, blanco?).</subfield>
    </datafield>
    <datafield tag="510" ind1="0" ind2=" ">
      <subfield code="a">Landwehr (Emblem &amp; fable books) 912 [Folia 3E7a t/m 3G8b]</subfield>
    </datafield>
    <datafield tag="530" ind1=" " ind2=" ">
      <subfield code="a">Titel is geselecteerd voor digitalisering voor de Universiteit van Amsterdam in het kader van het Google Books-project.</subfield>
    </datafield>
    <datafield tag="505" ind1="0" ind2=" ">
      <subfield code="a">Bevat ook: De wercken der apostelen ... / Martinus Heemskerckius; Ionnes Stradanus.</subfield>
    </datafield>
    <datafield tag="505" ind1="0" ind2=" ">
      <subfield code="a">Met afzonderlijk titelbl.: 't Bosch der eremyten ende eremitinnen, van Ægypten ende Palestinen ... ; Goddelycke wenschen / [door Hermannus Hugo] ..</subfield>
    </datafield>
    <datafield tag="700" ind1="1" ind2=" ">
      <subfield code="a">Sichem, Christoffel van,</subfield>
      <subfield code="c">de Jonge,</subfield>
      <subfield code="d">1581-1658.</subfield>
      <subfield code="1">https://id.oclc.org/worldcat/entity/E39PBJmP8Qb67qBBpTMWvbxkXd</subfield>
    </datafield>
    <datafield tag="700" ind1="1" ind2=" ">
      <subfield code="a">Hugo, Herman,</subfield>
      <subfield code="c">Jezui͏̈et,</subfield>
      <subfield code="d">1588-1629.</subfield>
    </datafield>
    <datafield tag="710" ind1="0" ind2=" ">
      <subfield code="a">Paets, Pieter Jacobsz. (Amsterdam)</subfield>
      <subfield code="4">prt</subfield>
      <subfield code="0">(NL-LeOCL)07713429X</subfield>
    </datafield>
    <datafield tag="758" ind1=" " ind2=" ">
      <subfield code="a">'t Schat der zielen (Text)</subfield>
      <subfield code="1">https://id.oclc.org/worldcat/entity/E39PCGVKWy67YmXt69HwmFWQjd</subfield>
      <subfield code="4">https://id.oclc.org/worldcat/ontology/hasWork</subfield>
    </datafield>
    <datafield tag="776" ind1="0" ind2=" ">
      <subfield code="t">'t Schat der zielen, dat is: het geheele leven ons Heeren Iesu Christi: naer de vyer euangelisten ...</subfield>
      <subfield code="w">(NL-LeOCL)406937397</subfield>
    </datafield>
    <datafield tag="936" ind1=" " ind2=" ">
      <subfield code="a">BATCHLOAD</subfield>
    </datafield>
  </record>